Pierwiastki - nagła śmierć - Statystyki

Ogólne statystyki
  • Ten quiz został rozwiązany 14 706 razy
  • Średni wynik to 13 z 26
Answers on the Grid
Answers color-coded by a green-red scale on the quiz's grid according to % correct below.
Adamant
Antymon
Argon
Arsen
Azot
Berkel
Bronz
Cez
Chopin
Chrom
Cyna
Dwutlenek
Einstein
Elektron
Feldspar
Galaks
German
Hafn
Helsingborg
Ind
Kobalt
Kopernik
Krypton
Krzem
Lutet
Mangan
Miedź
Moskow
Newton
Osm
Pewter
Piryt
Polon
Saturn
Stal
Tor
Tytan
Wapń
Wibran
Złoto
 
Statystyki odpowiedzi
Odpowiedź % Poprawnych
Azot
84%
Argon
74%
Arsen
69%
Chrom
69%
Cyna
66%
Krzem
63%
Miedź
61%
Kobalt
59%
German
57%
Złoto
57%
Polon
56%
Wapń
56%
Mangan
55%
Cez
54%
Einstein
51%
Tytan
46%
Krypton
44%
Ind
42%
Antymon
40%
Osm
38%
Kopernik
37%
Moskow
29%
Berkel
25%
Tor
24%
Hafn
23%
Lutet
20%
Nie znaleziono quizów pasujących do podanych kryteriów
Rozkład punktacji
Procent ludzi z każdym wynikiem
Percentyl według liczby udzielonych odpowiedzi
Twoja historia wyników
Nie rozwiązałeś tego quizu